000 00253nam a22001097a 4500
082 _a954.91 SAF'F
100 _aZAFAR, JAVAID,SAFDAR, MAHMOOD
_980275
245 _aFOUNDERS OF PAKISTAN
260 _aLAHORE
_bUNITED
_c1968
300 _a249P
942 _cBK
999 _c585219
_d585219